Recibidores y el café en Costa Rica / (Record no. 345)

MARC details
000 -LEADER
campo de control de longitud fija 00998cam a22003254a 4500
001 - NÚMERO DE CONTROL
campo de control 5920459
005 - FECHA Y HORA DE LA ÚLTIMA TRANSACCIÓN
campo de control 20220326193304.0
008 - DATOS DE LONGITUD FIJA--INFORMACIÓN GENERAL
campo de control de longitud fija 050503s2004 cr a b 000 0 spa
010 ## - NÚMERO DE CONTROL DE LA BIBLIOTECA DEL CONGRESO
Número de control de LC 2005420547
020 ## - NÚMERO INTERNACIONAL ESTÁNDAR DEL LIBRO
Número Internacional Estándar del Libro 9968994618
035 ## - NÚMERO DE CONTROL DEL SISTEMA
Número de control de sistema (OCoLC)62084735
035 ## - NÚMERO DE CONTROL DEL SISTEMA
Número de control de sistema (OCoLC)ocm62084735
035 ## - NÚMERO DE CONTROL DEL SISTEMA
Número de control de sistema (NNC)5920459
040 ## - FUENTE DE CATALOGACIÓN
Centro catalogador/agencia de origen DLC
Centro/agencia transcriptor DLC
041 0# - CÓDIGO DE IDIOMA
Código de lengua del texto/banda sonora o título independiente spa
-- eng
042 ## - CÓDIGO DE AUTENTICACIÓN
Código de autenticación pcc
043 ## - CÓDIGO DE ÁREA GEOGRÁFICA
Código de área geográfica nccr---
082 ## - NÚMERO DE LA CLASIFICACIÓN DECIMAL DEWEY
Número de clasificación 633.73
Número de ítem U26r
100 1# - ENTRADA PRINCIPAL--NOMBRE DE PERSONA
Nombre de persona Ugarte, Jimena.
9 (RLIN) 1645
245 10 - MENCIÓN DEL TÍTULO
Título Recibidores y el café en Costa Rica /
Mención de responsabilidad, etc. Jimena Ugarte.
246 18 - FORMA VARIANTE DEL TITULO
Título propio/Titulo breve Coffee receiving stations
260 ## - PUBLICACIÓN, DISTRIBUCIÓN, ETC.
Lugar de publicación, distribución, etc. [San José] :
Nombre del editor, distribuidor, etc. Instituto de Arquitectura Tropical,
Fecha de publicación, distribución, etc. [2004]
300 ## - DESCRIPCIÓN FÍSICA
Extensión 243 p. :
Otras características físicas ill. (chiefly col.) ;
Dimensiones 27 cm.
504 ## - NOTA DE BIBLIOGRAFÍA, ETC.
Nota de bibliografía, etc. Includes bibliographical references (p. 235-236).
650 #0 - PUNTO DE ACCESO ADICIONAL DE MATERIA--TÉRMINO DE MATERIA
Término de materia o nombre geográfico como elemento de entrada Coffee
Subdivisión general Storage
Subdivisión geográfica Costa Rica.
9 (RLIN) 1646
650 #0 - PUNTO DE ACCESO ADICIONAL DE MATERIA--TÉRMINO DE MATERIA
Término de materia o nombre geográfico como elemento de entrada Commercial buildings
Subdivisión general Social aspects
Subdivisión geográfica Costa Rica.
9 (RLIN) 1647
700 ## - ENTRADA AGREGADA--NOMBRE PERSONAL
Nombre de persona Ugarte, Jimena.
9 (RLIN) 1648
948 1# - PROCESAMIENTO DE INFORMACIÓN LOCAL (OCLC); DESIGNADOR DE PARTE DE LA SERIE (RLIN)
Designador de la parte de la serie, SPT (RLIN) 20061004
b (OCLC) c
c (OCLC) rhg9
d (OCLC) SCMC
Holdings
Estatus retirado Estado de pérdida Fuente del sistema de clasificación o colocación Estado de daño No para préstamo Biblioteca de origen Biblioteca actual Ubicación en estantería Fecha de adquisición Total de préstamos Signatura topográfica completa Código de barras Visto por última vez Precio de reemplazo Tipo de ítem Koha
    Clasificación Decimal Dewey     Biblioteca LadoV Biblioteca LadoV   14/11/2014   633.73 U26r 000512 14/11/2014 14/11/2014 Material 01